Les pays du monde dans leur langues - Statistiques

Statistiques générales
  • Ce quiz a été pris 143 fois
  • Le résultat moyen est 143 sur 196
Statistiques - réponses
Hint Réponse % Correct
Việt Nam Vietnam
99%
Grenada Grenade
98%
Tūnis Tunisie
98%
Cameroon Cameroun
96%
Colombia Colombie
96%
Angola Angola
95%
Uganda Ouganda
95%
Kongó République du Congo
95%
Lesotho Lesotho
94%
Sierra Leone Sierra Leone
94%
Kongó République démocratique du Congo
93%
Rwanda Rwanda
93%
Sénégal Sénégal
93%
Türkiye Turquie
93%
Muritania Mauritanie
92%
Oʻzbekiston Ouzbékistan
92%
As-Sūdān Soudan
90%
Prathet Thai Thaïlande
90%
Australia Australie
89%
Belice Belize
89%
Perú/Piruw Pérou
89%
Dawlat Qaṭar Qatar
89%
România Roumanie
89%
Oukraïna Ukraine
89%
Zimbabwe Zimbabwe
89%
Costa Rica Costa Rica
88%
España Espagne
88%
United States États-Unis
88%
Ghana Ghana
88%
Honduras Honduras
88%
Kiribati Kiribati
88%
Libya Libye
88%
Malaŵi Malawi
88%
Saint Vincent and the Grenadines Saint-Vincent et les grenadines
88%
Soomaaliya Somalie
88%
Tanzania Tanzanie
88%
Tšād Tchad
88%
Civitatis Vaticanæ Vatican
88%
Moçambique Mozambique
87%
Nēpāla Népal
87%
Pākistān Pakistan
87%
Slovenija Slovénie
87%
Zambia Zambie
87%
Argentina Argentine
86%
Kıbrıs/Kypria Chypre
86%
Kosovës Kosovo
86%
Mexico Mexique
86%
Polska Pologne
86%
Rossiïa Russie
86%
Sverige Suède
86%
Togo Togo
86%
Pule'anga Fakatu'i 'o Tonga Tonga
86%
Österreich Autriche
85%
Guyana Guyana
85%
Ísland Islande
85%
Česká republika République tchèque
85%
Yisra'el Israël
84%
Mongol Uls Mongolie
84%
Papua Niu Gini Papouasie nouvelle guinée
84%
República Dominicana République Dominicaine
84%
Schweizerisch Suisse
84%
Türkmenistan Turkménistan
84%
Brasil Brésil
83%
Burkina Faso Burkina Faso
83%
Malaysia Malaisie
83%
Suriname Suriname
83%
Trinidad and Tobago Trinité et Tobago
83%
Deutschland Allemagne
82%
Bangladesh Bangladesh
82%
Côte d’Ivoire Côte d’Ivoire
82%
Gabon Gabon
82%
Irân Iran
82%
Mali Mali
82%
Moldova Moldavie
82%
Niger Niger
82%
Panamá Panama
82%
United Kingdom Royaume-Uni
82%
Saint Lucia Sainte-Lucie
82%
El Salvador Salvador
82%
Srbija Serbie
82%
Śrī Laṃkā Sri Lanka
82%
België Belgique
81%
Bosna i Hercegovina Bosnie & Herzégovine
81%
Chile Chili
81%
Cuba Cuba
81%
Guatemala Guatemala
81%
Guinée Guinée
81%
Kenya Kenya
81%
Madagasikara Madagascar
81%
Portugal Portugal
81%
San Marino Saint-Marin
81%
Uruguay Uruguay
81%
Venezuela Vénézuéla
81%
Barbados Barbade
80%
Bielaruś Biélorussie
80%
Bylgarija Bulgarie
80%
Canada Canada
80%
Ecuador Équateur
80%
Jamaica Jamaïque
80%
Liechtenstein Liechtenstein
80%
Malta Malte
80%
Micronesia Micronésie
80%
Namibië Namibie
80%
Paraguái Paraguay
80%
Nederlanden Pays-Bas
80%
Pilipinas Philippines
80%
Samoa Samoa
80%
Vanuatu Vanuatu
80%
Andorra Andorre
79%
Bahamas Bahamas
79%
Myanma Naingngandaw Birmanie
79%
Danmark Danemark
79%
France France
79%
Guinea Ecuatorial Guinée-Équatoriale
79%
Solomon Îles Salomon
79%
Irāq Irak
79%
Italia Italie
79%
Qazaqstan Kazakhstan
79%
Kyrgyzstan Kirghizistan
79%
Kuwayt Koweït
79%
Pathet Lao Laos
79%
Liberia Libéria
79%
Afġānistān Afghanistan
78%
Bénin Bénin
78%
Cabo Verde Cap-Vert
78%
Dominica Dominique
78%
Gambia Gambie
78%
Guiné-Bissao Guinée-Bissau
78%
Severna Makedonija Macédoine du Nord
78%
Umān Oman
78%
Slovensko Slovaquie
78%
Timór-Leste Timor oriental
78%
Azərbaycan Azerbaïdjan
77%
Lietuva Lituanie
77%
Nicaragua Nicaragua
77%
Tuvalu Tuvalu
77%
Antigua and Barbuda Antigua et Barbuda
76%
Botswana Botswana
76%
Negara Brunei Darussalam Bruneï
76%
Uburundi Burundi
76%
Komori Comores
76%
Swatini Eswatini
74%
Lubnān Liban
74%
São Tomé e Príncipe Sao Tomé-et-Principe
73%
Saint Kitts and Nevis Saint Christophe et Niévès
72%
Naoreo Nauru
71%
Al-ʿArabiyya as-saʿūdiyya Arabie Saoudite
70%
Latvija Lettonie
70%
Al-Maghrib Maroc
70%
Tojikiston Tadjikistan
70%
Ayiti Haïti
69%
Lëtzebuerg Luxembourg
69%
Mauritius Maurice
69%
Al-Baḥrayn Bahreïn
68%
YaseNingizimu Afrika Afrique du Sud
65%
Imārāt al-ʿarabiyyat al-muttaḥida Émirats arabes unis
64%
Ciṅkappūr Singapour
63%
Anub alsuwdan Soudan du sud
63%
Sūriyā Syrie
63%
Al-Yamaniyya Yémen
63%
Noreg Norvège
59%
Ye-Ītyōṗṗyā Éthiopie
58%
Nihon Japon
53%
Eesti Estonie
52%
Hellas Grèce
50%
Zhōngguó Chine
49%
Magyarország Hongrie
49%
Éire Irlande
49%
Suomi Finlande
48%
Al-Jazā'ir Algérie
47%
Hrvatska Croatie
42%
Moaldivs eve Maldives
39%
Zhōnghuá guó Taïwan
38%
Naìjíríyà Nigeria
37%
Kâmpŭchéa Cambodge
36%
Ködörösêse tî Bêafrîka République Centrafricaine
36%
Shqipëria Albanie
35%
Hanguk Corée du Sud
34%
Sesel Seychelles
32%
Hagere Ertra Érythrée
31%
Crna Gora Monténégro
31%
Mu̍negu Monaco
30%
Bulibiya Bolivie
29%
Viti Fidji
26%
Belau Palaos
26%
Hayastan Arménie
25%
Puk'an Chosŏn Corée du Nord
25%
Bhārat Inde
25%
Al-hāšimiyya Jordanie
25%
Misr Égypte
24%
Aotearoa Nouvelle-Zélande
24%
Druk Yul Bhoutan
17%
Nusantara Indonésie
17%
Sakartvelo Géorgie
16%
Gabuutih Ummuuno Djibouti
11%
M̧ajeļ Îles Marshall
10%
Aucun quiz correspondant
Distribution des résultats
% des personnes avec chaque résultat
Percentile par nombre de réponses
Votre historique - résultats
Vous n’avez pas pris ce quiz